00549nam a2200193 a 4500001001300000003000900013005001700022008004100039020001000080082001400090100002600104245008100130260004200211300000900253500003500262505000800297650002400305700002600329nice12345678IN_TiNIC20260116011346.0050524s1937 lona grp 000 0 eng  ac10000a201bPAT1 aPattison, Mary W Dunn aAblaze for Godb the Life Story of Paget Wilkes Who for 36 Yrs Lived & Labou aLondonbJapan Evangelistic Bandc1937 a317p aincludes index and biblioraphy2 aill aChristian-Biography1 aPattison, Mary W Dunn